Tiếng Trung cho người quản lí kinh tế (Tiếng Trung thông dụng hàng ngày)
שמור ב:
| פורמט: | ספר |
|---|---|
| יצא לאור: |
2004
|
| תגים: |
הוספת תג
אין תגיות, היה/י הראשונ/ה לתייג את הרשומה!
|
| Thư viện lưu trữ: | Mạng thư viện Đại học Đà Nẵng |
|---|
| LEADER | 00511nam a22001811a 4500 | ||
|---|---|---|---|
| 001 | 000037040 | ||
| 003 | 13335 | ||
| 005 | 20160412015000.0 | ||
| 008 | 160412s2004 000 | ||
| 082 | |a 4H(07)766-67 | ||
| 245 | |a Tiếng Trung cho người quản lí kinh tế (Tiếng Trung thông dụng hàng ngày) |c Trường ĐH Bắc Kinh | ||
| 260 | |c 2004 | ||
| OWN | |a LNN | ||
| 999 | |a From the UDN01 | ||
| TYP | |a Monograph | ||
| 980 | |a Mạng thư viện Đại học Đà Nẵng | ||